| 000 | 00852nam a22001337a 4500 | ||
|---|---|---|---|
| 040 | _cRUa | ||
| 082 | _aAVM CHA 2009 B090 Or.1 | ||
| 100 | _aCHAY, CHANTHORN. | ||
| 245 | _athe effect of using sun-dry sesbania leave replacing soy bean as ingredient feed growthrate of chicken at animal experimental station of the rua (ឥទ្ធិពលនៃការប្រើប្រាស់ស្លឹកអង្គាដីក្រៀមជំនួសសណ្ថែកសៀងជាចំណីផ្សំលើការលូតលាស់របស់មាន់សាច់ នៅស្ថានីយចិញ្ចឹមសត្វ នៃស .វ.ភ.ក) | ||
| 260 |
_aPhnom Penh _bRUA _c2009 |
||
| 300 |
_axi, 44p. _bill. _c29cm. |
||
| 856 | _uhttps://drive.google.com/file/d/1v8Ur37xcJ551DmuM3w6qsqD63H2DMywb/view?usp=sharing | ||
| 942 | _cAVM | ||
| 999 |
_c2428 _d2428 |
||